000 00452nam a2200181Ia 4500
001 10639
005 20260306161847.0
008 260306t2019||||xx |||||||||||||| ||spa||
041 _aESP
082 _a946
_bP32
100 _aPayne, Stanley G.
_eAUT
245 0 _aEn defensa de España:
_bdesmontando mitos y leyendas negras
260 _c2019
300 _a311 páginas :
_c23 cm.
650 _aGEN
654 _aCHU
942 _cLIB
_dJUS
_fJUS
_2ddc
_n
999 _c10639
_d10639